[Event "Doeberl Cup Minor 48th"]
[Site "Canberra"]
[Date "2010.04.04"]
[Round "6"]
[White "Dale, Ari"]
[Black "Devarajh, Joshua"]
[Result "1/2-1/2"]
[WhiteElo "1388"]
[BlackElo "1182"]
[PlyCount "78"]
[EventDate "2010.04.02"]
[EventType "swiss"]
[EventRounds "7"]
[EventCountry "AUS"]
[SourceTitle "EXT 2012"]
[Source "ChessBase"]
[SourceDate "2011.11.24"]
[SourceVersion "1"]
[SourceVersionDate "2011.11.24"]
[SourceQuality "1"]

1. e4 e5 2. Nf3 Nc6 3. Bc4 Nf6 4. Ng5 d5 5. exd5 Na5 6. Bb5+ c6 7. dxc6 bxc6 8. Be2 h6 9. Nf3 e4 10. Ne5 Bd6 11. Ng4 0-0 12. Nc3 Re8 13. Ne3 Qc7 14. h3 Nb7 15. Nc4 Bc5 16. 0-0 Nd6 17. Ne3 Nf5 18. d4 Nxd4 19. Bg4 Nxg4 20. Nxg4 Bf5 21. Nh2 Bg6 22. Ne2 Rad8 23. Nxd4 Bxd4 24. Qe2 Bc5 25. Ng4 Bb6 26. a4 a5 27. Bd2 Bd4 28. c3 Bb6 29. Rad1 Rd7 30. Bf4 Qb7 31. Rxd7 Qxd7 32. Bxh6 f5 33. Be3 c5 34. Rd1 Qxa4 35. Nh2 Bf7 36. Rd2 Bc4 37. Qd1 Bb3 38. Qe2 Bc4 39. Qd1 Bb3 1/2-1/2

[Event "Doeberl Cup Minor 48th"]
[Site "Canberra"]
[Date "2010.04.03"]
[Round "4"]
[White "Beare, Nick"]
[Black "Devarajh, Joshua"]
[Result "1/2-1/2"]
[WhiteElo "1322"]
[BlackElo "1182"]
[PlyCount "78"]
[EventDate "2010.04.02"]
[EventType "swiss"]
[EventRounds "7"]
[EventCountry "AUS"]
[SourceTitle "EXT 2012"]
[Source "ChessBase"]
[SourceDate "2011.11.24"]
[SourceVersion "1"]
[SourceVersionDate "2011.11.24"]
[SourceQuality "1"]

1. e4 e5 2. Nf3 Nc6 3. Nc3 Nf6 4. g3 d6 5. h3 Be7 6. d4 exd4 7. Nxd4 0-0 8. Bg2 Re8 9. 0-0 Bf8 10. Nxc6 bxc6 11. Re1 Bd7 12. Bf4 h6 13. h4 Qc8 14. e5 dxe5 15. Rxe5 Rxe5 16. Bxe5 Nh7 17. Qd4 Rb8 18. Rd1 Be6 19. b3 c5 20. Qd2 Nf6 21. Bxf6 gxf6 22. Nd5 Qd8 23. Qf4 Bxd5 24. Bxd5 Qe7 25. Qg4+ Bg7 26. c4 Rd8 27. Qh5 Rd7 28. Bg2 Rxd1+ 29. Qxd1 Qd6 30. Qd5 Qxd5 31. Bxd5 Bf8 32. Kg2 Bd6 33. Kf3 Kg7 34. Kg4 Kg6 35. Be4+ Kg7 36. Kf5 Be5 37. h5 Kf8 38. Bd5 Ke7 39. f3 Bxg3 1/2-1/2

[Event "AUS-ch U12 op"]
[Site "Sandy Bay"]
[Date "2010.01.24"]
[Round "10"]
[White "Devarajh, Joshua"]
[Black "Mason, Stuart"]
[Result "0-1"]
[WhiteElo "1151"]
[BlackElo "1218"]
[PlyCount "56"]
[EventDate "2010.01.14"]
[EventType "swiss"]
[EventRounds "11"]
[EventCountry "AUS"]
[SourceTitle "EXT 2011"]
[Source "ChessBase"]
[SourceDate "2010.11.26"]
[SourceVersion "1"]
[SourceVersionDate "2010.11.26"]
[SourceQuality "1"]

1. e4 e5 2. Nf3 Nc6 3. Bb5 a6 4. Ba4 Nf6 5. 0-0 b5 6. Bb3 Bc5 7. Re1 d6 8. h3 0-0 9. c3 Re8 10. d4 exd4 11. cxd4 Bb6 12. Bg5 h6 13. Bh4 g5 14. Bg3 Bb7 15. Bc2 Nb4 16. d5 Nxc2 17. Qxc2 Nh5 18. Bh2 Qf6 19. Nc3 Nf4 20. Nd2 Bc8 21. Rf1 g4 22. Bxf4 Qxf4 23. Ne2 Qg5 24. Qc6 gxh3 25. Qxe8+ Kg7 26. g3 Qxd2 27. Qc6 Qxe2 28. Qxa8 Qf3 0-1

[Event "AUS-ch U12 op"]
[Site "Sandy Bay"]
[Date "2010.01.23"]
[Round "9"]
[White "Devarajh, Joshua"]
[Black "Pyper, Matthew"]
[Result "1-0"]
[WhiteElo "1151"]
[BlackElo "1048"]
[PlyCount "141"]
[EventDate "2010.01.14"]
[EventType "swiss"]
[EventRounds "11"]
[EventCountry "AUS"]
[SourceTitle "EXT 2011"]
[Source "ChessBase"]
[SourceDate "2010.11.26"]
[SourceVersion "1"]
[SourceVersionDate "2010.11.26"]
[SourceQuality "1"]

1. e4 d5 2. exd5 Nf6 3. c4 c6 4. d4 cxd5 5. Nc3 Bg4 6. Qb3 Qb6 7. Qxb6 axb6 8. cxd5 Nbd7 9. Bb5 e6 10. h3 Bf5 11. g4 Be4 12. f3 Bxd5 13. Nxd5 Nxd5 14. Ne2 Nb4 15. Kf2 Nc2 16. Rb1 Rxa2 17. Bc4 Ra8 18. Bd2 Nb4 19. Ra1 Rc8 20. Bb5 Be7 21. Ra7 Nc6 22. Rxb7 Bh4+ 23. Kg2 Ncb8 24. Bf4 Ke7 25. Bxb8 Rxb8 26. Rxd7+ Kf6 27. f4 h6 28. Rf1 Rhf8 29. Bd3 g6 30. f5 gxf5 31. gxf5 Rg8+ 32. Kh2 Rbf8 33. fxe6+ Kxe6 34. Bf5+ Kf6 35. Bg4+ Kg7 36. Bh5 Bf6 37. Nf4 Kh8 38. Nd5 Bxd4 39. Rfxf7 Be5+ 40. Kh1 Bg7 41. Ne7 Rxf7 42. Ng6+ Kh7 43. Rxf7 Rd8 44. Ne7 Kh8 45. Bg6 Rd1+ 46. Kg2 Rd8 47. Nf5 Bxb2 48. Rh7+ Kg8 49. Nxh6+ Kf8 50. Rf7+ Ke8 51. Rf2+ Ke7 52. Rxb2 Rh8 53. Ng4 Rg8 54. Rxb6 Ra8 55. h4 Ra2+ 56. Kf3 Ra3+ 57. Ne3 Ra8 58. h5 Rf8+ 59. Nf5+ Kd7 60. h6 Kc7 61. Re6 Kd7 62. Re7+ Kc6 63. h7 Rh8 64. Rg7 Kd5 65. Rg8 Ke6 66. Rxh8 Kd5 67. Rc8 Ke6 68. h8R Kd7 69. Rhd8+ Ke6 70. Rd6+ Ke5 71. Rc5# 1-0

[Event "AUS-ch U12 op"]
[Site "Sandy Bay"]
[Date "2010.01.16"]
[Round "4"]
[White "Guo, Jamie Lee"]
[Black "Devarajh, Joshua"]
[Result "1-0"]
[WhiteElo "943"]
[BlackElo "1151"]
[PlyCount "69"]
[EventDate "2010.01.14"]
[EventType "swiss"]
[EventRounds "11"]
[EventCountry "AUS"]
[SourceTitle "EXT 2011"]
[Source "ChessBase"]
[SourceDate "2010.11.26"]
[SourceVersion "1"]
[SourceVersionDate "2010.11.26"]
[SourceQuality "1"]

1. e4 e5 2. Nf3 Nc6 3. d4 exd4 4. Bc4 h6 5. 0-0 Bc5 6. c3 dxc3 7. Qd5 Qe7 8. Nxc3 Nf6 9. Qd1 d6 10. Nd5 Nxd5 11. exd5 Ne5 12. Re1 0-0 13. Nxe5 dxe5 14. Be3 Bxe3 15. Rxe3 Bf5 16. Qh5 Qf6 17. Rf3 g6 18. Qxh6 e4 19. Rg3 Qxb2 20. Rc1 b5 21. Rb3 Qf6 22. Bxb5 Rab8 23. h4 Qe7 24. Rcc3 Rb6 25. Rg3 Rfb8 26. Bc4 Rxb3 27. Bxb3 Qf6 28. h5 a5 29. hxg6 Bxg6 30. d6 Rxb3 31. Rxb3 Qd8 32. d7 Bf5 33. Rg3+ Bg6 34. Rh3 Qf6 35. d8Q+ 1-0